000
00536nam a2200133Ia 4500
008
100328s9999 xx 000 0 und d
082
_b
5703
100
_a
वैद्य व्दारकानाथ गोविंद
245
_a
धर्मपर व्याख्याने पुस्तक 1ले
260
_b
---
630
_a
धर्मपर व्याख्याने पुस्तक 1ले
730
_a
धर्मपर व्याख्याने पुस्तक 1ले
942
_c
BOOK
999
_c
501685
_d
501682